1037 1271 1969 1457 1890 1609 1708 1459 1489 1959 1924 1748 1206 1111 1628 1119 1080 1769 1928 1539 1737 1112 1811 1996 1473 1302 1227 1806 1235 1143 1225 1529 1652 1355 1524 1397 1040 1706 1081 1151 1657 1951 1504 1316 1674 1603 1722 1204 1429 1953 1453 1214 1859 1346 1622 1496 1950 1162 1202 1193 1939 1775 1927 1032 1538 1309 1335 1485 1443 1134 1327 1344 1076 1732 1985 1155 1721 1583 1909 1002 1601 1437 1835 1130 1753 1343 1896 1358 1193 1251 1013 1101 1337 1381 1299 1691 1696 1836 1050 BCNSPRNW ULIB Ver.6.0+V

เปลี่ยนเป็นภาษาไทย

Change to English
 แสดงรายละเอียดบรรณานุกรม
  กลับหน้าหลัก

Brief Record : Get Marc (ISO 2709) : E-mail record : QR code < ปิดหน้าต่าง
LEADER : 00000nam 2200000uu 4500
001    13399122607
003     ULIB
008    020711s2551 th a 000 0 tha d
020    9789744179142
050    DS586^bส678
110    คณะกรรมการอำนวยการจัดงานฉลองสิริราชสมบัติครบรอบ 60 ปี
245    สาราณุกรมพระราชกรณียกิจพระบาทสมเด็จพระเจ้าอยู่หัว ในรอบ 60 ปีแห่งการครองราชย์ /^cคณะกรรมการอำนวยการจัดงานฉลองสิริราชสมบัติครบรอบ 60 ปี
260    กรุงเทพฯ :^bกรมศิลปากร,^c2551
300    486 หน้า
650    พระราชกรณียกิจ
945    ^p0^l0^i17813
999    ^aกัณชพร
รายการนี้ยังไม่มีแท็ก
คุณยังไม่ได้ล็อกอิน คุณสามารถมีกิจกรรมร่วมกับเว็บไซต์ได้ แต่ต้องล็อกอินก่อน ::
  ล็อกอิน

รายการสื่อสารสนเทศ

ลำดับที่ ประเภท เลขเรียก/บาร์โค้ด สถานที่ สถานะ
1. การศึกษาทั่วไป
การศึกษาทั่วไป
DS586 ส678 ฉ.1 
  Barcode: 17813
ห้องสมุดวิทยาเขตสวรรค์ประชารักษ์
►หนังสือทั่วไป
บนชั้น

รายการใกล้เคียง
    หัวเรื่อง [พระราชกรณียกิจ]

BibComment


ยังไม่เคยถูกคอมเมนท์

คอมเมนท์ทรัพยากรรายการนี้
  คอมเมนท์: สาราณุกรมพระราชกร..


 Copyright 2026. Bcnsprnw @Library